Los 10 estados más secos de EEUU - Estadísticas

Estadísticas generales
  • Esta prueba ha sido intentada 32 veces
  • La puntuación promedio es 7 de 10
Estadísticas de respuestas
Pista Respuesta % Correcto
18.91 pulgadas California
97%
9.56 pulgadas Nevada
97%
12.61 pulgadas Arizona
90%
17.04 pulgadas Colorado
80%
13.57 pulgadas Utah
77%
18.14 pulgadas Dakota Del Sur
67%
14.39 pulgadas Wyoming
67%
14.33 pulgadas Montana
63%
15.65 pulgadas Dakota Del Norte
57%
12.36 pulgadas Nuevo Méjico
3%
No se encontraron pruebas coincidentes
Distribución de puntuación
Porcentaje de gente con cada puntuación
Porcentaje por número respondido
Historial de tus puntuaciones
No has intentado esta prueba.